[Event "23rd Pirc Memorial GM 2020"]
[Site "Maribor"]
[Date "2020.08.12"]
[Round "3.2"]
[White "Kozul, Zdenko"]
[Black "Bratkovic, Sham"]
[Result "1-0"]
[WhiteElo "2597"]
[BlackElo "2236"]
[Annotator "TA"]
[PlyCount "39"]
[EventDate "2020.08.10"]
[EventType "tourn"]
[EventCountry "SLO"]
[SourceTitle "playchess.com"]
[Source "ChessBase"]
[SourceQuality "1"]

{[%evp 13,39,20,32,9,14,7,13,-81,0,0,137,116,155,161,145,162,150,140,197,196,487,483,1006,997,973,952,1126,1127]} 1. d4 d5 2. c4 c6 3. Nf3 e6 4. e3 Nf6 5. Bd3 dxc4 6. Bxc4 Nbd7 7. O-O Bd6 {7...Bd6 is better than 7...b5.} 8. Re1 {D30: Queen's Gambit Declined: Systems without Nc3.} O-O 9. e4 {Strongly threatening e5.} e5 {[#]} 10. Bxf7+ $146 (10. h3 $11 {remains equal.}) ({Predecessor:} 10. Bg5 Re8 11. Qb3 Qe7 12. Nbd2 b5 13. Bf1 a6 14. a4 Bb7 15. Rad1 Rad8 16. Bh4 {0-1 (39) Tomashevsky,E (2709)-Inarkiev,E (2680) Ekaterinburg 2013}) 10... Rxf7 (10... Kxf7 $17 11. Ng5+ Kg8) 11. dxe5 $11 Bb4 {[#]} (11... Nxe5 $11 12. Nxe5 Re7) 12. Nc3 $1 $16 {Hoping for e6.} Ng4 {aiming for ...Qc7.} 13. e6 $1 {[%csl LRd7,LRf7][%mdl 64] Double Attack} Rxf3 14. gxf3 ({And not} 14. Qxf3 Nde5 $19) 14... Qh4 15. fxg4 Ne5 {[#]} (15... Nc5 $16 16. Be3 Bxe6) 16. Bf4 $1 $18 {[%cal Rf4e5]} Bxe6 $2 (16... Qxg4+ 17. Qxg4 Nxg4) 17. Bxe5 {White is clearly winning.} Bxg4 (17... Rd8 $142 18. Qe2 Qg5) 18. Qb3+ {[%mdl 64] Double Attack} Kh8 19. Qxb4 Bf3 20. Re3 {Accuracy: White = 80%, Black = 38%.} 1-0

[Event "23rd Pirc Memorial GM 2020"]
[Site "Maribor"]
[Date "2020.08.12"]
[Round "3.3"]
[White "Marn, Jan"]
[Black "Mikhalchishin, Adrian"]
[Result "0-1"]
[WhiteElo "2360"]
[BlackElo "2458"]
[Annotator "ChessBase"]
[PlyCount "54"]
[EventDate "2020.08.10"]
[EventType "tourn"]
[EventCountry "SLO"]
[SourceTitle "playchess.com"]
[Source "ChessBase"]
[SourceQuality "1"]
[TimeControl "40/5400+30:1800+30"]

1. d4 {[%emt 0:00:00]} Nf6 {[%emt 0:00:05]} 2. c4 {[%emt 0:00:01]} g6 {[%emt 0:00:39]} 3. Nc3 {[%emt 0:00:15]} d5 {[%emt 0:00:05]} 4. cxd5 {[%emt 0:00:05]} Nxd5 {[%emt 0:00:03]} 5. Na4 {[%emt 0:00:59]} Bg7 {[%emt 0:02:30]} 6. e4 {[%emt 0:02:16]} Nb6 {[%emt 0:00:06]} 7. Be3 {[%emt 0:00:22]} O-O {[%emt 0:00:26]} 8. Nf3 {[%emt 0:03:04]} Nxa4 {[%emt 0:05:22]} 9. Qxa4 {[%emt 0:00:16]} c5 {[%emt 0:00:02]} 10. Rc1 {[%emt 0:15:47]} Bd7 {[%emt 0:08:37]} 11. Qb3 {[%emt 0:09:43]} cxd4 {[%emt 0:05:40]} 12. Bxd4 {[%emt 0:06:27]} Bxd4 {[%emt 0:02:52]} 13. Nxd4 {[%emt 0:00:08]} Nc6 {[%emt 0:00:10]} 14. Nxc6 {[%emt 0:12:37]} Bxc6 {[%emt 0:00:53]} 15. Bd3 {[%emt 0:00:07]} Qa5+ {[%emt 0:10:32]} 16. Rc3 {[%emt 0:04:25]} Rad8 {[%emt 0:04:07]} 17. O-O {[%emt 0:01:16]} Rd4 {[%emt 0:00:59]} 18. f3 {[%emt 0:10:18]} Rfd8 {[%emt 0:09:52]} 19. Bc4 {[%emt 0:02:48]} Kf8 {[%emt 0:02:44]} 20. a3 {[%emt 0:02:47]} Rd2 {[%emt 0:05:50]} 21. Rfc1 {[%emt 0:23:40]} Qc5+ {[%emt 0:04:41]} 22. Kh1 {[%emt 0:00:42]} Qf2 {[%emt 0:14:55]} 23. Bf1 {[%emt 0:02:47]} Rxb2 {[%emt 0:00:32]} 24. Qc4 {[%emt 0:00:28]} Bb5 {[%emt 0:01:12]} 25. Qxb5 {[%emt 0:00:36]} Rxb5 {[%emt 0:00:24]} 26. Bxb5 {[%emt 0:00:06]} Rd2 {[%emt 0:00:41]} 27. Bf1 {[%emt 0:00:07]} b5 {[%emt 0:00:48]} 0-1

[Event "23rd Pirc Memorial GM 2020"]
[Site "Maribor"]
[Date "2020.08.12"]
[Round "3.4"]
[White "Morgunov, Marc"]
[Black "Subelj, Jan"]
[Result "1/2-1/2"]
[WhiteElo "2341"]
[BlackElo "2408"]
[Annotator "ChessBase"]
[PlyCount "78"]
[EventDate "2020.08.10"]
[EventType "tourn"]
[EventCountry "SLO"]
[SourceTitle "playchess.com"]
[Source "ChessBase"]
[SourceQuality "1"]
[TimeControl "40/5400+30:1800+30"]

1. e4 {[%emt 0:00:00]} e5 {[%emt 0:00:16]} 2. Nf3 {[%emt 0:00:00]} Nc6 {[%emt 0:00:34]} 3. Bb5 {[%emt 0:00:09]} a6 {[%emt 0:00:28]} 4. Ba4 {[%emt 0:00:14]} Nf6 {[%emt 0:00:38]} 5. O-O {[%emt 0:00:11]} Be7 {[%emt 0:00:30]} 6. Re1 {[%emt 0:00:11]} b5 {[%emt 0:00:30]} 7. Bb3 {[%emt 0:00:05]} d6 {[%emt 0:00:33]} 8. c3 {[%emt 0:00:05]} O-O {[%emt 0:00:31]} 9. h3 {[%emt 0:00:15]} Bb7 {[%emt 0:01:13]} 10. d4 {[%emt 0:02:11]} Nd7 {[%emt 0:01:29]} 11. Nbd2 {[%emt 0:06:44]} Re8 {[%emt 0:01:02]} 12. Nf1 {[%emt 0:02:08]} exd4 {[%emt 0:02:30]} 13. cxd4 {[%emt 0:00:30]} Na5 {[%emt 0:00:34]} 14. Bc2 {[%emt 0:01:08]} c5 {[%emt 0:01:17]} 15. Ng3 {[%emt 0:06:26]} g6 {[%emt 0:09:07]} 16. Bf4 {[%emt 0:11:31]} cxd4 {[%emt 0:03:33]} 17. Nxd4 {[%emt 0:07:53]} Bf6 {[%emt 0:06:45]} 18. b3 {[%emt 0:14:38]} Be5 {[%emt 0:09:35]} 19. Qd2 {[%emt 0:08:11]} Rc8 {[%emt 0:05:06]} 20. Rac1 {[%emt 0:03:05]} Nf6 {[%emt 0:09:41]} 21. Red1 {[%emt 0:06:04]} Qb6 {[%emt 0:16:39]} 22. Nf3 {[%emt 0:06:37]} Bb2 {[%emt 0:07:19]} 23. Rb1 {[%emt 0:01:25]} Bc3 {[%emt 0:01:04]} 24. Qxd6 {[%emt 0:02:47]} Qxd6 {[%emt 0:00:30]} 25. Bxd6 {[%emt 0:03:29]} Nxe4 {[%emt 0:00:39]} 26. Nxe4 {[%emt 0:00:40]} Bxe4 {[%emt 0:00:08]} 27. Bxe4 {[%emt 0:00:05]} Rxe4 {[%emt 0:00:07]} 28. Rbc1 {[%emt 0:00:53]} Rc6 {[%emt 0:03:14]} 29. Ng5 {[%emt 0:06:11]} Re2 {[%emt 0:07:38]} 30. b4 {[%emt 0:09:19]} Nb7 {[%emt 0:02:48]} 31. Bg3 {[%emt 0:00:56]} Rc4 {[%emt 0:01:49]} 32. Rd7 {[%emt 0:00:44]} Bd2 {[%emt 0:01:37]} 33. Rxc4 {[%emt 0:00:24]} bxc4 {[%emt 0:00:01]} 34. Nf3 {[%emt 0:01:16]} c3 {[%emt 0:00:35]} 35. Nxd2 {[%emt 0:00:12]} cxd2 {[%emt 0:00:05]} 36. Kh2 {[%emt 0:00:06]} g5 {[%emt 0:03:23]} 37. h4 {[%emt 0:01:13]} h6 {[%emt 0:00:42]} 38. hxg5 {[%emt 0:00:27]} hxg5 {[%emt 0:00:00]} 39. f4 {[%emt 0:00:23]} f6 {[%emt 0:00:00]} 1/2-1/2

[Event "23rd Pirc Memorial GM 2020"]
[Site "Maribor"]
[Date "2020.08.12"]
[Round "3.5"]
[White "Markoja, Boris"]
[Black "Schwabeneder, Florian"]
[Result "1-0"]
[WhiteElo "2440"]
[BlackElo "2431"]
[Annotator "ChessBase"]
[PlyCount "151"]
[EventDate "2020.08.10"]
[EventType "tourn"]
[EventCountry "SLO"]
[SourceTitle "playchess.com"]
[Source "ChessBase"]
[SourceQuality "1"]
[TimeControl "40/5400+30:1800+30"]

1. c4 {[%emt 0:00:00]} e6 {[%emt 0:02:11]} 2. Nf3 {[%emt 0:00:00]} d5 {[%emt 0:00:17]} 3. e3 {[%emt 0:00:39]} Nf6 {[%emt 0:01:02]} 4. b3 {[%emt 0:00:29]} b6 {[%emt 0:05:45]} 5. Bb2 {[%emt 0:01:58]} Bb7 {[%emt 0:00:38]} 6. Nc3 {[%emt 0:01:03]} Nbd7 {[%emt 0:02:17]} 7. d4 {[%emt 0:04:41]} Bd6 {[%emt 0:01:26]} 8. Bd3 {[%emt 0:02:07]} O-O {[%emt 0:01:14]} 9. O-O {[%emt 0:01:02]} a6 {[%emt 0:11:53]} 10. Qe2 {[%emt 0:05:30]} dxc4 {[%emt 0:06:21]} 11. bxc4 {[%emt 0:01:04]} c5 {[%emt 0:00:09]} 12. Rfd1 {[%emt 0:03:16]} Qe7 {[%emt 0:04:28]} 13. Nd2 {[%emt 0:13:17]} Rac8 {[%emt 0:24:40]} 14. a4 {[%emt 0:04:15]} Rfd8 {[%emt 0:09:47]} 15. d5 {[%emt 0:09:55]} Ne5 {[%emt 0:02:07]} 16. e4 {[%emt 0:02:40]} exd5 {[%emt 0:01:00]} 17. exd5 {[%emt 0:04:17]} Nxd3 {[%emt 0:00:42]} 18. Qxd3 {[%emt 0:00:04]} Re8 {[%emt 0:00:13]} 19. Nf3 {[%emt 0:04:07]} Qd7 {[%emt 0:03:55]} 20. Rab1 {[%emt 0:02:56]} Rb8 {[%emt 0:03:17]} 21. Bc1 {[%emt 0:06:43]} Bc8 {[%emt 0:01:05]} 22. Bg5 {[%emt 0:00:51]} Qf5 {[%emt 0:00:48]} 23. Bxf6 {[%emt 0:02:33]} Qxd3 {[%emt 0:01:59]} 24. Rxd3 {[%emt 0:00:17]} Bf5 {[%emt 0:01:03]} 25. Rdd1 {[%emt 0:03:34]} Bxb1 {[%emt 0:00:56]} 26. Rxb1 {[%emt 0:00:34]} gxf6 {[%emt 0:00:07]} 27. Kf1 {[%emt 0:01:37]} f5 {[%emt 0:09:48]} 28. Nh4 {[%emt 0:02:25]} Be5 {[%emt 0:00:10]} 29. Ne2 {[%emt 0:02:38]} f4 {[%emt 0:00:13]} 30. Nf5 {[%emt 0:02:01]} Kf8 {[%emt 0:00:20]} 31. g3 {[%emt 0:02:41]} fxg3 {[%emt 0:00:50]} 32. hxg3 {[%emt 0:00:11]} Bf6 {[%emt 0:02:47]} 33. f4 {[%emt 0:03:05]} Re4 {[%emt 0:01:19]} 34. Rc1 {[%emt 0:01:15]} h5 {[%emt 0:01:13]} 35. Kf2 {[%emt 0:01:46]} Rbe8 {[%emt 0:00:33]} 36. Rc2 {[%emt 0:01:34]} Rd8 {[%emt 0:00:07]} 37. Kf3 {[%emt 0:00:55]} Ree8 {[%emt 0:00:11]} 38. Rd2 {[%emt 0:03:13]} Rd7 {[%emt 0:00:59]} 39. d6 {[%emt 0:04:50]} b5 {[%emt 0:01:00]} 40. axb5 {[%emt 0:00:00]} axb5 {[%emt 0:00:00]} 41. cxb5 {[%emt 0:01:59]} Ra7 {[%emt 0:15:52]} 42. Rc2 {[%emt 0:19:40]} Ra3+ {[%emt 0:03:11]} 43. Kf2 {[%emt 0:00:12]} Rb3 {[%emt 0:01:42]} 44. d7 {[%emt 0:01:19]} Rd8 {[%emt 0:00:55]} 45. Rxc5 {[%emt 0:00:34]} Rxd7 {[%emt 0:00:25]} 46. Rc6 {[%emt 0:02:43]} Bd8 {[%emt 0:03:27]} 47. Ned4 {[%emt 0:00:42]} Rd3 {[%emt 0:02:23]} 48. Rc8 {[%emt 0:02:27]} Kg8 {[%emt 0:03:06]} 49. Ke2 {[%emt 0:01:28]} R3xd4 {[%emt 0:01:20]} 50. Nxd4 {[%emt 0:00:05]} Rxd4 {[%emt 0:00:07]} 51. b6 {[%emt 0:00:03]} Rb4 {[%emt 0:01:52]} 52. Rxd8+ {[%emt 0:00:08]} Kg7 {[%emt 0:00:05]} 53. Rd6 {[%emt 0:01:18]} Rb3 {[%emt 0:01:59]} 54. Kf2 {[%emt 0:05:59]} f6 {[%emt 0:00:55]} 55. Rd7+ {[%emt 0:00:12]} Kg6 {[%emt 0:00:02]} 56. b7 {[%emt 0:00:10]} Kf5 {[%emt 0:00:44]} 57. Rg7 {[%emt 0:00:47]} Ke4 {[%emt 0:00:36]} 58. Ke2 {[%emt 0:01:49]} Rb2+ {[%emt 0:00:18]} 59. Kd1 {[%emt 0:00:04]} Kf3 {[%emt 0:01:06]} 60. Kc1 {[%emt 0:00:35]} Rb6 {[%emt 0:00:19]} 61. Kd2 {[%emt 0:00:10]} f5 {[%emt 0:00:40]} 62. Kd3 {[%emt 0:00:30]} Rb4 {[%emt 0:00:33]} 63. Kc3 {[%emt 0:00:08]} Rb5 {[%emt 0:00:32]} 64. Kc4 {[%emt 0:00:25]} Rb1 {[%emt 0:00:29]} 65. Kc5 {[%emt 0:01:47]} Rb2 {[%emt 0:00:22]} 66. Kc6 {[%emt 0:00:37]} Rc2+ {[%emt 0:00:13]} 67. Kd6 {[%emt 0:00:15]} Rb2 {[%emt 0:00:20]} 68. Kc7 {[%emt 0:00:10]} Rc2+ {[%emt 0:00:07]} 69. Kd8 {[%emt 0:00:11]} Rb2 {[%emt 0:00:12]} 70. Kc8 {[%emt 0:00:42]} Rc2+ {[%emt 0:00:33]} 71. Rc7 {[%emt 0:00:13]} Rb2 {[%emt 0:00:09]} 72. Rc3+ {[%emt 0:00:16]} Kg4 {[%emt 0:00:08]} 73. b8=Q {[%emt 0:00:19]} Rxb8+ {[%emt 0:00:08]} 74. Kxb8 {[%emt 0:00:02]} h4 {[%emt 0:00:09]} 75. gxh4 {[%emt 0:00:07]} Kxf4 {[%emt 0:00:09]} 76. h5 {[%emt 0:00:06]} 1-0

[Event "23rd Pirc Memorial GM 2020"]
[Site "Maribor"]
[Date "2020.08.12"]
[Round "4.1"]
[White "Mohr, Georg"]
[Black "Schwabeneder, Florian"]
[Result "0-1"]
[WhiteElo "2434"]
[BlackElo "2431"]
[Annotator "TA"]
[PlyCount "118"]
[EventDate "2020.08.10"]
[EventType "tourn"]
[EventCountry "SLO"]
[SourceTitle "playchess.com"]
[Source "ChessBase"]
[SourceQuality "1"]

{[%evp 10,118,18,16,9,0,12,0,8,6,0,0,0,0,14,0,23,16,16,18,19,0,0,0,6,6,8,6,5,3,10,0,7,7,10,7,8,8,8,7,9,7,8,8,8,0,36,20,37,-56,-56,-56,-56,-56,-56,-58,-60,-110,-105,-124,-110,-116,-116,-131,-119,-119,-119,-119,-116,-116,-116,-116,-110,-116,-116,-125,-127,-150,-150,-150,-150,-150,-150,-164,-150,-150,-150,-429,-410,-408,-404,-347,-231,-597,-570,-1313,-1291,-1172,-1116,-816,-498,-452,-450,-450,-440,-816,-814,-712,-525,-29976,-29974]} 1. c4 e6 2. Nf3 d5 3. g3 Nf6 4. Bg2 dxc4 5. Qa4+ c6 6. Qxc4 b5 {A13: English Opening: 1...e6.} 7. Qb3 Bb7 8. a4 a6 {The position is equal.} 9. O-O Nbd7 10. Nc3 Be7 11. d3 O-O 12. Be3 Ng4 13. Bf4 Qb6 14. h3 Ngf6 {[#]} 15. Ne5 $146 ({Predecessor:} 15. Be3 c5 16. axb5 Nd5 17. Bg5 Bxg5 18. Nxg5 Nxc3 19. Qxc3 Bxg2 20. Kxg2 axb5 21. Ne4 {½-½ (28) Akopian,V (2660)-Novikov,I (2550) New York 1998}) 15... Nxe5 16. Bxe5 Rfd8 17. Bf4 Nd5 18. Nxd5 cxd5 19. Rfc1 {[#] Bc7 is the strong threat.} Rac8 20. a5 Qd4 21. Bc7 Re8 22. Rc2 Qb4 23. Qxb4 Bxb4 24. Rac1 Re7 25. Bb6 Rxc2 26. Rxc2 f6 27. d4 e5 28. e3 Kf7 29. Kf1 ({White should play} 29. dxe5 $14 fxe5 30. f4) 29... exd4 $15 30. Bxd4 Bxa5 31. Ke2 Rc7 32. Rxc7+ Bxc7 {[%mdl 4096] Endgame KBB-KBB} 33. Kd3 a5 {[%cal Ba6a5,Ba5a4][%mdl 32]} 34. f4 Ke6 35. b4 a4 36. Kc3 g6 37. Bf1 Bc6 38. Bd3 Bd6 39. g4 Kf7 40. h4 h6 41. Be2 g5 42. hxg5 fxg5 43. fxg5 hxg5 44. Bf3 Bg3 {Hoping for ...Be1+.} 45. Kb2 Be1 46. Ka3 Ke6 47. Be2 Bd2 48. Bd1 $2 {[#] Loses the game.} (48. Bc5 $17) 48... Be8 $19 49. Bc2 Kd6 50. Bd3 Kc6 51. Bc2 $2 (51. e4) 51... Bf7 52. e4 Bc1+ 53. Ka2 dxe4+ 54. Kb1 Bd2 55. Bxe4+ Bd5 56. Bg6 Bc4 57. Be4+ (57. Bf6 $142 Be6 58. Kc2 Bxb4 59. Be8+ Kb6 60. Bh5) 57... Kd6 58. Bf6 Ke6 59. Bd8 a3 {Accuracy: White = 71%, Black = 90%.} 0-1

[Event "23rd Pirc Memorial GM 2020"]
[Site "Maribor"]
[Date "2020.08.12"]
[Round "4.2"]
[White "Subelj, Jan"]
[Black "Markoja, Boris"]
[Result "1/2-1/2"]
[WhiteElo "2408"]
[BlackElo "2440"]
[Annotator "TA"]
[PlyCount "160"]
[EventDate "2020.08.10"]
[EventType "tourn"]
[EventCountry "SLO"]
[SourceTitle "playchess.com"]
[Source "ChessBase"]
[SourceQuality "1"]

{[%evp 14,160,35,22,86,80,87,85,82,70,75,73,98,29,58,51,52,13,23,11,16,13,12,6,26,0,85,98,94,108,96,86,86,86,89,88,88,99,95,95,95,96,94,84,99,93,93,93,91,95,91,80,153,74,92,96,104,83,88,88,84,84,93,66,150,144,134,138,134,134,118,99,108,109,103,65,67,67,67,67,67,67,67,67,67,67,67,49,67,60,65,60,67,67,67,67,77,67,67,67,67,67,67,67,67,67,74,67,72,72,72,0,60,60,60,60,60,60,60,60,60,60,60,60,60,60,60,60,60,60,59,0,0,8,31,8,8,8,72,72,72,72,72,72,72,72,72,0,72]} 1. e4 e5 2. Nf3 Nc6 3. Bb5 a6 4. Ba4 Nf6 5. O-O Be7 6. Re1 b5 7. Bb3 O-O 8. a4 d5 {C88: Closed Ruy Lopez: Anti-Marshall Systems.} (8... b4 $11 {remains equal.}) 9. axb5 $16 dxe4 10. bxc6 exf3 {White is better.} 11. Qxf3 e4 12. Qe2 {[#]} Re8 $146 ({Predecessor:} 12... Bd6 13. h3 Re8 14. Nc3 Re5 15. Ra4 Bxh3 16. Nxe4 Bg4 17. Qf1 Nxe4 18. Raxe4 Rxe4 19. Rxe4 {½-½ (34) Blomqvist,E (2537)-Andersen,M (2585) chess24.com INT 2020}) 13. d4 (13. Nc3 $16) 13... Qxd4 14. Nc3 Bd6 15. Ra5 (15. Nb5 {with more complications.} Qe5 16. Nxd6 Qxd6 17. h3 Be6 18. Rd1) 15... Bg4 16. Qc4 Qxc4 17. Bxc4 Be6 18. Ra4 Be5 (18... a5 {looks sharper.} 19. Bxe6 Rxe6 20. Nxe4 Nd5 21. g4 Nb6) 19. Nxe4 (19. Bxa6 {keeps more tension.} Nd5 20. Nxe4 Nb6 21. Ra3 Bd5 22. Bd3) 19... Bxc4 (19... Nxe4 $11 20. Rxe4 Bxc4 21. Raxc4 f5) 20. Rxc4 Nd5 21. Kf1 Nb6 22. Rb4 f5 23. Ng5 Bd6 24. Rxe8+ Rxe8 25. Rd4 h6 26. Nf3 Re6 27. Rd3 Bc5 28. Nh4 g6 29. Bxh6 Rxc6 30. Nf3 Be7 31. Nd4 Rc5 32. Be3 Nc4 {[#]} (32... Bf6 $142) 33. Nb3 (33. b4 $142 $1 {[%cal Rb4c5]} Rd5 34. Nc6 Nxe3+ 35. Rxe3) 33... Rb5 34. Bd4 a5 35. Bc3 a4 36. Rd7 Bf8 37. Nd4 Rb6 38. b3 axb3 (38... c5 $14) 39. cxb3 Nd6 40. Rxc7 Ne4 41. Ba5 Rd6 42. Nf3 Rd1+ 43. Ke2 Rb1 44. Nd2 (44. Bc3 {is more complex.} Nxc3+ 45. Rxc3 Rb2+ 46. Kd3 Bh6 47. h3) 44... Nxd2 45. Bxd2 {Hoping for Rb7.} Rxb3 $14 {[%mdl 4096] Endgame KRB-KRB} 46. Bc3 Rb6 47. g3 Re6+ 48. Kf3 Bh6 49. Rc8+ Kf7 50. Rh8 Bf8 51. h4 Rc6 52. Bb2 Re6 53. Rh7+ Kg8 54. Rb7 Bh6 55. Bd4 Re4 56. Rd7 Re6 57. Ba1 Re1 58. Bb2 {[#] Strongly threatening Rd6.} (58. Ra7 {feels hotter.} Re6 59. Bd4 Bf8 60. Kg2 Re4 61. Be3) 58... Re6 59. Bd4 Ra6 60. Kg2 Re6 61. Kh3 Bf8 62. Kg2 (62. h5 $16) 62... Rd6 (62... Bh6 $1 $11) 63. Rxd6 Bxd6 {KB-KB} 64. Kf3 Kf7 65. Be3 Ke6 66. Bf4 {And now Bxd6 would win.} Bc5 67. Bc7 Bd4 68. Kg2 Bc5 69. Bf4 Bb6 70. Be3 Bc7 71. Kh3 Bd6 72. h5 ({Better is} 72. f3 $14) 72... gxh5 $11 73. Kh4 Kd5 74. Kxh5 Ke4 75. Kg5 Kf3 (75... Be7+ $11 {keeps the balance.} 76. Kh5 Kf3) 76. Bf4 $16 ({Reject} 76. Kxf5 Bxg3 77. fxg3 Kxg3 $11) 76... Bc5 77. Kxf5 {Be3! is the strong threat.} Bxf2 78. g4 {Threatens to win with g5.} Bh4 79. Bh6 Bd8 80. Bf4 Bh4 $1 {Black defended with fortune. Accuracy: White = 86%, Black = 84%.} 1/2-1/2

[Event "23rd Pirc Memorial GM 2020"]
[Site "Maribor"]
[Date "2020.08.12"]
[Round "4.3"]
[White "Mikhalchishin, Adrian"]
[Black "Morgunov, Marc"]
[Result "1/2-1/2"]
[WhiteElo "2458"]
[BlackElo "2341"]
[Annotator "ChessBase"]
[PlyCount "64"]
[EventDate "2020.08.10"]
[EventType "tourn"]
[EventCountry "SLO"]
[SourceTitle "playchess.com"]
[Source "ChessBase"]
[SourceQuality "1"]
[TimeControl "40/5400+30:1800+30"]

1. d4 {[%emt 0:00:00]} Nf6 {[%emt 0:00:00]} 2. Nf3 {[%emt 0:00:00]} g6 {[%emt 0:00:00]} 3. c4 {[%emt 0:00:36]} Bg7 {[%emt 0:00:00]} 4. g3 {[%emt 0:00:06]} O-O {[%emt 0:00:07]} 5. Bg2 {[%emt 0:00:04]} d6 {[%emt 0:00:13]} 6. O-O {[%emt 0:01:08]} Nc6 {[%emt 0:00:18]} 7. Nc3 {[%emt 0:00:52]} a6 {[%emt 0:00:09]} 8. e3 {[%emt 0:00:40]} Rb8 {[%emt 0:01:07]} 9. Qe2 {[%emt 0:00:51]} b5 {[%emt 0:02:14]} 10. Rd1 {[%emt 0:05:43]} e6 {[%emt 0:15:07]} 11. e4 {[%emt 0:29:21]} Nd7 {[%emt 0:15:23]} 12. Bg5 {[%emt 0:10:54]} Qe8 {[%emt 0:02:54]} 13. cxb5 {[%emt 0:16:58]} axb5 {[%emt 0:01:01]} 14. Rac1 {[%emt 0:02:22]} b4 {[%emt 0:11:33]} 15. Na4 {[%emt 0:02:51]} Nb6 {[%emt 0:00:21]} 16. Nxb6 {[%emt 0:02:09]} Rxb6 {[%emt 0:00:10]} 17. Qd2 {[%emt 0:08:47]} d5 {[%emt 0:11:40]} 18. exd5 {[%emt 0:07:43]} exd5 {[%emt 0:00:13]} 19. Qf4 {[%emt 0:01:02]} Qd7 {[%emt 0:04:58]} 20. Bf6 {[%emt 0:00:53]} Bxf6 {[%emt 0:02:33]} 21. Qxf6 {[%emt 0:00:03]} Nd8 {[%emt 0:00:09]} 22. Qf4 {[%emt 0:00:40]} Ne6 {[%emt 0:00:40]} 23. Qe3 {[%emt 0:01:36]} Qa4 {[%emt 0:03:17]} 24. Ne5 {[%emt 0:01:18]} Qxa2 {[%emt 0:01:52]} 25. Nc6 {[%emt 0:01:41]} Re8 {[%emt 0:02:27]} 26. b3 {[%emt 0:01:37]} Rb5 {[%emt 0:04:26]} 27. Ra1 {[%emt 0:01:12]} Qc2 {[%emt 0:00:59]} 28. Na7 {[%emt 0:00:23]} Rb6 {[%emt 0:01:40]} 29. Nxc8 {[%emt 0:00:45]} Rxc8 {[%emt 0:00:06]} 30. Bxd5 {[%emt 0:00:03]} Rd8 {[%emt 0:01:35]} 31. Bc4 {[%emt 0:01:26]} c5 {[%emt 0:03:31]} 32. Rac1 {[%emt 0:01:07]} Qf5 {[%emt 0:02:05]} 1/2-1/2

[Event "23rd Pirc Memorial GM 2020"]
[Site "Maribor"]
[Date "2020.08.12"]
[Round "4.4"]
[White "Bratkovic, Sham"]
[Black "Marn, Jan"]
[Result "0-1"]
[WhiteElo "2236"]
[BlackElo "2360"]
[Annotator "ChessBase"]
[PlyCount "80"]
[EventDate "2020.08.10"]
[EventType "tourn"]
[EventCountry "SLO"]
[SourceTitle "playchess.com"]
[Source "ChessBase"]
[SourceQuality "1"]
[TimeControl "40/5400+30:1800+30"]

1. d4 {[%emt 0:00:00]} d5 {[%emt 0:00:09]} 2. c4 {[%emt 0:00:04]} e6 {[%emt 0:00:11]} 3. Nf3 {[%emt 0:00:53]} c6 {[%emt 0:00:15]} 4. e3 {[%emt 0:00:48]} Bd6 {[%emt 0:01:21]} 5. b3 {[%emt 0:00:51]} Nf6 {[%emt 0:06:20]} 6. Bd3 {[%emt 0:01:03]} O-O {[%emt 0:00:34]} 7. Bb2 {[%emt 0:01:20]} Nbd7 {[%emt 0:01:28]} 8. Nbd2 {[%emt 0:00:37]} b6 {[%emt 0:19:35]} 9. O-O {[%emt 0:01:23]} Bb7 {[%emt 0:00:09]} 10. Ne5 {[%emt 0:00:49]} c5 {[%emt 0:04:50]} 11. f4 {[%emt 0:03:07]} Ne4 {[%emt 0:01:40]} 12. cxd5 {[%emt 0:04:47]} exd5 {[%emt 0:03:22]} 13. Nxe4 {[%emt 0:02:21]} dxe4 {[%emt 0:00:35]} 14. Bc4 {[%emt 0:00:27]} Nf6 {[%emt 0:05:44]} 15. Qc2 {[%emt 0:06:55]} Rc8 {[%emt 0:06:14]} 16. Qf2 {[%emt 0:04:25]} Qe7 {[%emt 0:10:39]} 17. Rad1 {[%emt 0:03:56]} a6 {[%emt 0:05:35]} 18. a4 {[%emt 0:01:49]} cxd4 {[%emt 0:01:27]} 19. exd4 {[%emt 0:01:48]} Nd5 {[%emt 0:04:55]} 20. f5 {[%emt 0:11:25]} f6 {[%emt 0:04:33]} 21. Ng4 {[%emt 0:03:13]} b5 {[%emt 0:00:38]} 22. axb5 {[%emt 0:03:27]} axb5 {[%emt 0:00:04]} 23. Bxd5+ {[%emt 0:13:23]} Bxd5 {[%emt 0:00:05]} 24. Qe3 {[%emt 0:00:16]} Rc2 {[%emt 0:05:26]} 25. Rf2 {[%emt 0:03:33]} Rfc8 {[%emt 0:00:56]} 26. Rdd2 {[%emt 0:03:01]} Rxb2 {[%emt 0:06:13]} 27. Rxb2 {[%emt 0:00:18]} h5 {[%emt 0:00:05]} 28. Rfc2 {[%emt 0:04:19]} Rxc2 {[%emt 0:00:34]} 29. Rxc2 {[%emt 0:00:02]} hxg4 {[%emt 0:00:08]} 30. Qe2 {[%emt 0:01:15]} Qa7 {[%emt 0:07:50]} 31. Qd1 {[%emt 0:04:04]} Bf8 {[%emt 0:01:09]} 32. Rc1 {[%emt 0:02:15]} Qa2 {[%emt 0:00:29]} 33. Qxg4 {[%emt 0:01:36]} Qxb3 {[%emt 0:01:23]} 34. Qf4 {[%emt 0:00:54]} Qd3 {[%emt 0:01:08]} 35. h4 {[%emt 0:01:32]} Qxd4+ {[%emt 0:00:23]} 36. Kh1 {[%emt 0:00:04]} Qe5 {[%emt 0:00:34]} 37. Qg4 {[%emt 0:01:03]} e3 {[%emt 0:00:51]} 38. h5 {[%emt 0:00:11]} e2 {[%emt 0:00:41]} 39. Re1 {[%emt 0:00:07]} Bd6 {[%emt 0:00:33]} 40. Qh3 {[%emt 0:00:00]} Qg3 {[%emt 0:00:00]} 0-1